| 000 | 01302nam a2200337 a 4500 | ||
|---|---|---|---|
| 001 | ebr10671023 | ||
| 003 | CaPaEBR | ||
| 006 | m u | ||
| 007 | cr cn||||||||| | ||
| 008 | 130318s2010 nyub sb 001 0 eng d | ||
| 020 | _z9781616680152 | ||
| 020 | _z9781613241752 (e-book) | ||
| 040 |
_aCaPaEBR _cCaPaEBR |
||
| 035 | _a(OCoLC)739715012 | ||
| 043 | _aa------ | ||
| 050 | 1 | 4 |
_aHC412 _b.A85 2010eb |
| 082 | 0 | 4 |
_a320.95 _223 |
| 245 | 0 | 0 |
_aAsian economic and political issues _h[electronic resource] . _nVolume 13 / _cFrank Columbus, editor. |
| 260 |
_aNew York : _bNova Science Publishers, Inc., _c2010. |
||
| 300 |
_axii, 151 p. : _bmap. |
||
| 490 | 0 | _aAsian economic and political issues | |
| 504 | _aIncludes bibliographical references and index. | ||
| 533 |
_aElectronic reproduction. _bPalo Alto, Calif. : _cebrary, _d2013. _nAvailable via World Wide Web. _nAccess may be limited to ebrary affiliated libraries. |
||
| 651 | 0 |
_aAsia _xEconomic conditions _y1945- |
|
| 651 | 0 |
_aAsia _xCommerce. |
|
| 651 | 0 |
_aAsia _xPolitics and government _y1945- |
|
| 655 | 7 |
_aElectronic books. _2local |
|
| 700 | 1 | _aColumbus, Frank. | |
| 710 | 2 | _aebrary, Inc. | |
| 856 | 4 | 0 |
_uhttp://site.ebrary.com/lib/rucke/Doc?id=10671023 _zAn electronic book accessible through the World Wide Web; click to view |
| 999 |
_c62234 _d62234 |
||